[Event "RA-2014-0-00351"]
[Site "LSS email"]
[Date "2014.09.30"]
[Round "?"]
[White "Luers, Charles J"]
[Black "Eshuis, Johannes"]
[Result "0-1"]
[WhiteElo "1879"]
[BlackElo "2055"]
[PlyCount "166"]
[EventDate "2014.09.03"]
[EventType "tourn (corr)"]
[EventRounds "6"]
[EventCountry "GER"]
[SourceTitle "Corr 2015"]
[Source "ChessBase"]
[SourceDate "2015.07.17"]
[SourceVersion "1"]
[SourceVersionDate "2015.07.17"]
[SourceQuality "1"]

1. e4 c5 2. Nf3 d6 3. d4 cxd4 4. Nxd4 Nf6 5. Nc3 a6 6. Be3 e6 7. f3 b5 8. g4 h6 9. Qd2 b4 10. Nce2 e5 11. Nb3 Nc6 12. Ng3 Be6 13. 0-0-0 Qc7 14. Kb1 d5 15. exd5 Nxd5 16. Bd3 Rd8 17. Qe2 Be7 18. Nf5 0-0 19. Nxe7+ Ncxe7 20. h4 Rfe8 21. Rhe1 a5 22. Nc5 Nc6 23. Bb5 Re7 24. Bf2 Nd4 25. Nxe6 Rxe6 26. Qc4 Qe7 27. Bxd4 exd4 28. Rxe6 Qxe6 29. Qc5 Qf6 30. Qa7 Ne3 31. Rc1 Qxh4 32. Qxa5 Qe7 33. Bd3 g6 34. Qa6 Kg7 35. Qb6 Rd7 36. Re1 Rd5 37. b3 Qf8 38. Qc7 Qd8 39. Qb7 Qa5 40. f4 Rd6 41. f5 Qb6 42. Qe7 g5 43. Qe5+ Rf6 44. Qe4 Qc5 45. Rg1 Qd6 46. Kb2 Qf4 47. a4 bxa3+ 48. Kxa3 Ra6+ 49. Kb2 Qxe4 50. Bxe4 Kf6 51. Bd3 Ra8 52. b4 Ke5 53. b5 Kf4 54. Be2 Rc8 55. Rc1 Nxg4 56. Rf1+ Kg3 57. Rf3+ Kg2 58. Rd3 Ne3 59. Kb3 g4 60. Rxd4 h5 61. c4 Kf2 62. Bd3 h4 63. Rf4+ Kg3 64. Rd4 h3 65. b6 Kf2 66. Rf4+ Ke1 67. Re4 Kd2 68. Rd4 Kc1 69. b7 Rb8 70. Be4 g3 71. c5 g2 72. c6 g1Q 73. c7 Qg8 74. cxb8R Qxb8 75. Rd3 Qf4 76. Rc3+ Kd2 77. Rd3+ Ke2 78. Rd8 Qxe4 79. b8Q Qb1+ 80. Kc3 Qxb8 81. Rxb8 Kf3 82. Rh8 Kg3 83. Kd3 Ng4 0-1

[Event "RA-2014-0-00351"]
[Site "LSS email"]
[Date "2014.09.30"]
[Round "?"]
[White "Luers, Charles J"]
[Black "Kuzmin, Konstantin"]
[Result "1/2-1/2"]
[WhiteElo "1879"]
[BlackElo "2146"]
[PlyCount "70"]
[EventDate "2014.09.03"]
[EventType "tourn (corr)"]
[EventRounds "6"]
[EventCountry "GER"]
[SourceTitle "Corr 2015"]
[Source "ChessBase"]
[SourceDate "2015.07.17"]
[SourceVersion "1"]
[SourceVersionDate "2015.07.17"]
[SourceQuality "1"]

1. e4 e5 2. Nf3 Nc6 3. Bb5 a6 4. Ba4 Nf6 5. 0-0 Be7 6. Re1 b5 7. Bb3 d6 8. c3 0-0 9. h3 Bb7 10. d4 Re8 11. Nbd2 Bf8 12. a4 h6 13. Bc2 exd4 14. cxd4 Nb4 15. Bb1 c5 16. d5 Nd7 17. Ra3 Nb6 18. Nh2 Qe7 19. axb5 N6xd5 20. bxa6 Rxa6 21. Nhf3 Nb6 22. e5 Qd7 23. exd6 Rxe1+ 24. Qxe1 Qxd6 25. Rxa6 Bxa6 26. Ne5 Nd7 27. Ndf3 Nxe5 28. Nxe5 g6 29. Bf4 Qe6 30. Qe4 Bg7 31. Qa8+ Qc8 32. Qxc8+ Bxc8 33. g4 Be6 34. Be4 h5 35. gxh5 gxh5 1/2-1/2

[Event "RA-2014-0-00351"]
[Site "LSS email"]
[Date "2014.09.29"]
[Round "?"]
[White "Susla, Vitaliy"]
[Black "Luers, Charles J"]
[Result "1-0"]
[WhiteElo "2144"]
[BlackElo "1879"]
[PlyCount "101"]
[EventDate "2014.09.03"]
[EventType "tourn (corr)"]
[EventRounds "6"]
[EventCountry "GER"]
[SourceTitle "Corr 2015"]
[Source "ChessBase"]
[SourceDate "2015.07.17"]
[SourceVersion "1"]
[SourceVersionDate "2015.07.17"]
[SourceQuality "1"]

1. d4 Nf6 2. c4 g6 3. Nc3 d5 4. cxd5 Nxd5 5. e4 Nxc3 6. bxc3 Bg7 7. Bc4 0-0 8. Ne2 c5 9. 0-0 Nc6 10. Be3 Qc7 11. Rb1 Bd7 12. Bd3 Rad8 13. Qc1 Bc8 14. Rd1 b6 15. h3 Bb7 16. dxc5 bxc5 17. Qa3 Na5 18. f3 c4 19. Bc2 Rxd1+ 20. Rxd1 Be5 21. Qc5 Ra8 22. f4 Bd6 23. Qg5 e5 24. Qf6 Bf8 25. Qxe5 Qxe5 26. fxe5 Bg7 27. e6 fxe6 28. Rd7 Bf6 29. Kf2 Rf8 30. Ke1 Rc8 31. Kd2 a6 32. Nd4 Re8 33. g4 Ba8 34. Rc7 e5 35. Nf3 Rb8 36. Rc5 Nc6 37. Rxc4 Kg7 38. Ba4 Rc8 39. Rc5 Be7 40. Rd5 h6 41. Kd3 Rd8 42. Bc5 Bf6 43. Bb3 g5 44. Rxd8 Nxd8 45. Bd5 Bb7 46. Bxb7 Nxb7 47. Kc4 Kf7 48. Kd5 Nxc5 49. Kxc5 Ke6 50. c4 Kd7 51. Kd5 1-0

[Event "SB-2014-0-00387"]
[Site "LSS email"]
[Date "2014.09.28"]
[Round "?"]
[White "Luers, Charles J"]
[Black "Kolanek, Roman"]
[Result "1/2-1/2"]
[WhiteElo "1912"]
[BlackElo "1934"]
[PlyCount "56"]
[EventDate "2014.09.13"]
[EventType "tourn (corr)"]
[EventRounds "6"]
[EventCountry "GER"]
[SourceTitle "Corr 2015"]
[Source "ChessBase"]
[SourceDate "2015.07.17"]
[SourceVersion "1"]
[SourceVersionDate "2015.07.17"]
[SourceQuality "1"]

1. Nf3 d5 2. d4 Nf6 3. c4 e6 4. Nc3 Be7 5. Bg5 0-0 6. e3 h6 7. Bh4 a6 8. cxd5 exd5 9. Bd3 Be6 10. 0-0 Nbd7 11. Qc2 Rc8 12. Rac1 c5 13. dxc5 Nxc5 14. Bf5 Nce4 15. Bxe6 fxe6 16. Qb3 Nxc3 17. Rxc3 g5 18. Rxc8 Qxc8 19. Bg3 Ne4 20. Qd1 Qe8 21. Nd4 Bf6 22. f3 Nxg3 23. hxg3 Qf7 24. f4 Bg7 25. Qd3 e5 26. Nb3 Qe6 27. Nc5 Qc6 28. b4 exf4 1/2-1/2

[Event "RB-2014-0-00257"]
[Site "LSS email"]
[Date "2014.08.24"]
[Round "?"]
[White "Pott, Brian"]
[Black "Luers, Charles J"]
[Result "1/2-1/2"]
[WhiteElo "1793"]
[BlackElo "1879"]
[PlyCount "128"]
[EventDate "2014.07.14"]
[EventType "tourn (corr)"]
[EventRounds "6"]
[EventCountry "GER"]
[SourceTitle "Corr 2015"]
[Source "ChessBase"]
[SourceDate "2015.07.17"]
[SourceVersion "1"]
[SourceVersionDate "2015.07.17"]
[SourceQuality "1"]

1. e4 c5 2. Nf3 e6 3. d4 cxd4 4. Nxd4 Nc6 5. Nc3 Qc7 6. Be3 a6 7. Qd2 Nf6 8. 0-0-0 Bb4 9. f3 Ne5 10. Nb3 b5 11. Kb1 Be7 12. Qf2 d6 13. Bb6 Qb8 14. Bd4 0-0 15. g4 Bb7 16. Rg1 b4 17. Na4 Nfd7 18. Na5 Nc6 19. Nxb7 Nxd4 20. Qxd4 Qxb7 21. f4 Rac8 22. Bd3 e5 23. fxe5 Nxe5 24. Qb6 Qd7 25. b3 Rc6 26. Qxb4 Qc7 27. Rg2 h6 28. Qe1 Rc8 29. Qe2 Qa7 30. h3 Bf6 31. a3 Qb7 32. Ka2 Rb8 33. Rf2 Bh4 34. Rf5 Bg5 35. Rb1 Qc8 36. Rf2 Bh4 37. Rg2 Bg5 38. c4 Qe6 39. Nc3 a5 40. Rgg1 Rbc8 41. Rgf1 Bf6 42. Rfc1 a4 43. Nxa4 Ra6 44. Rd1 Rca8 45. Rf1 Ra5 46. Rf5 g6 47. Rff1 Nc6 48. Bc2 Nd4 49. Qd3 Bg7 50. Bd1 Qe5 51. Qd2 Qxe4 52. h4 R5a7 53. h5 g5 54. Re1 Qc6 55. Re3 Rxa4 56. bxa4 Qxc4+ 57. Bb3 Nxb3 58. Rbxb3 Qxg4 59. Rb4 Qxh5 60. Qxd6 Qh1 61. Rb8+ Rxb8 62. Qxb8+ Bf8 63. Re8 Qg2+ 64. Kb1 Qg1+ 1/2-1/2

[Event "SB-2014-0-00379"]
[Site "LSS email"]
[Date "2014.08.24"]
[Round "?"]
[White "Seiler, Peter"]
[Black "Luers, Charles J"]
[Result "1-0"]
[WhiteElo "1905"]
[BlackElo "1912"]
[PlyCount "111"]
[EventDate "2014.08.08"]
[EventType "tourn (corr)"]
[EventRounds "6"]
[EventCountry "GER"]
[SourceTitle "Corr 2015"]
[Source "ChessBase"]
[SourceDate "2015.07.17"]
[SourceVersion "1"]
[SourceVersionDate "2015.07.17"]
[SourceQuality "1"]

1. d4 Nf6 2. c4 e6 3. Nf3 b6 4. a3 Ba6 5. Qc2 Bb7 6. Nc3 c5 7. e4 cxd4 8. Nxd4 Bc5 9. Nb3 Nc6 10. Nxc5 bxc5 11. Be3 Qe7 12. f3 d5 13. cxd5 exd5 14. Na4 Nd4 15. Qxc5 Qxc5 16. Nxc5 Nc2+ 17. Kf2 Nxa1 18. Bb5+ Ke7 19. Nxb7 Nb3 20. Bf4 dxe4 21. Rd1 Rhc8 22. Ba4 Rc2+ 23. Kg1 Kf8 24. Bxb3 Rxb2 25. Na5 exf3 26. gxf3 h6 27. Kf1 Re8 28. Ba4 Re6 29. Nc4 Rbe2 30. Rd8+ Ke7 31. Ra8 Re1+ 32. Kg2 R1e2+ 33. Kh3 Nh5 34. Rxa7+ Kf6 35. Bb8 g5 36. Bd7 Re7 37. a4 Rc2 38. Nb6 Rd2 39. Rb7 Nf4+ 40. Bxf4 gxf4 41. Kg4 Re5 42. Bc6 Kg7 43. Kxf4 Re6 44. Bb5 Rxh2 45. a5 Rf6+ 46. Ke3 Rb2 47. Nd5 Rb3+ 48. Kd4 Rfxf3 49. a6 Ra3 50. a7 Ra5 51. Kc5 Rfa3 52. Kb6 h5 53. Nc7 Rxa7 54. Rxa7 Rb3 55. Ra4 Rf3 56. Rh4 1-0

[Event "RB-2014-0-00256"]
[Site "LSS email"]
[Date "2014.08.12"]
[Round "?"]
[White "Luers, Charles J"]
[Black "Hatsek, Werner"]
[Result "1-0"]
[WhiteElo "1879"]
[BlackElo "1887"]
[PlyCount "95"]
[EventDate "2014.07.02"]
[EventType "tourn (corr)"]
[EventRounds "6"]
[EventCountry "GER"]
[SourceTitle "Corr 2015"]
[Source "ChessBase"]
[SourceDate "2015.07.17"]
[SourceVersion "1"]
[SourceVersionDate "2015.07.17"]
[SourceQuality "1"]

1. e4 c6 2. d4 d5 3. Nc3 dxe4 4. Nxe4 Nf6 5. Nxf6+ exf6 6. c3 Bd6 7. Bd3 0-0 8. Ne2 Re8 9. Qc2 g6 10. h4 Be6 11. h5 f5 12. Bd2 c5 13. dxc5 Bxc5 14. hxg6 fxg6 15. 0-0-0 Bf7 16. g4 fxg4 17. Rh6 Qf6 18. Rdh1 Nd7 19. Rxh7 Nf8 20. Rh8+ Qxh8 21. Rxh8+ Kxh8 22. Nf4 Kg7 23. Qd1 g3 24. fxg3 Rad8 25. Qg4 Re5 26. Kc2 b5 27. b3 Be7 28. c4 bxc4 29. Bxc4 Bxc4 30. Bc3 Bxb3+ 31. axb3 Bf6 32. Bxe5 Bxe5 33. Qg5 Rc8+ 34. Kb1 Re8 35. Nd5 Re6 36. g4 Nd7 37. Qd8 Nf6 38. Nc7 Bxc7 39. Qxc7+ Kh6 40. Qxa7 Kg5 41. b4 Re5 42. Qa6 Ne4 43. Kc2 Kxg4 44. Qxg6+ Kf4 45. Qh6+ Kg4 46. Kd3 Kf5 47. Kd4 Re6 48. Qf8+ 1-0

[Event "RB-2014-0-00251"]
[Site "LSS email"]
[Date "2014.06.23"]
[Round "?"]
[White "Dehaybe, Andre"]
[Black "Luers, Charles J"]
[Result "1/2-1/2"]
[WhiteElo "2007"]
[BlackElo "1879"]
[PlyCount "47"]
[EventDate "2014.05.17"]
[EventType "tourn (corr)"]
[EventRounds "6"]
[EventCountry "GER"]
[SourceTitle "Corr 2015"]
[Source "ChessBase"]
[SourceDate "2015.07.17"]
[SourceVersion "1"]
[SourceVersionDate "2015.07.17"]
[SourceQuality "1"]

1. d4 Nf6 2. c4 e6 3. Nf3 d5 4. Nc3 c6 5. e3 Nbd7 6. Bd3 dxc4 7. Bxc4 b5 8. Be2 Bb7 9. 0-0 Be7 10. e4 b4 11. e5 bxc3 12. exf6 Bxf6 13. bxc3 c5 14. Rb1 Be4 15. Bd3 Bxd3 16. Qxd3 0-0 17. Rb5 cxd4 18. cxd4 a6 19. Rb1 Qa5 20. Qa3 Qxa3 21. Bxa3 Rfb8 22. Rxb8+ Rxb8 23. Rc1 g5 24. g4 1/2-1/2

[Event "SB-2014-0-00369"]
[Site "LSS email"]
[Date "2014.06.17"]
[Round "?"]
[White "Kolanek, Roman"]
[Black "Luers, Charles J"]
[Result "1/2-1/2"]
[WhiteElo "1916"]
[BlackElo "1879"]
[PlyCount "47"]
[EventDate "2014.05.20"]
[EventType "tourn (corr)"]
[EventRounds "6"]
[EventCountry "GER"]
[SourceTitle "Corr 2015"]
[Source "ChessBase"]
[SourceDate "2015.07.17"]
[SourceVersion "1"]
[SourceVersionDate "2015.07.17"]
[SourceQuality "1"]

1. d4 Nf6 2. c4 e6 3. Nc3 Bb4 4. Nf3 b6 5. e3 Bb7 6. Bd2 0-0 7. Bd3 d5 8. cxd5 exd5 9. 0-0 Nbd7 10. Qc2 a6 11. Ne5 Nxe5 12. dxe5 Ne4 13. Bc1 Bxc3 14. bxc3 Qe7 15. f3 Nc5 16. Bxh7+ Kh8 17. Bf5 g6 18. Bh3 Qxe5 19. Re1 Kg8 20. Bb2 Qg5 21. f4 Qh4 22. c4 Rad8 23. cxd5 Rxd5 24. Qc3 1/2-1/2

[Event "BI-2014-P-0009"]
[Site "LSS email"]
[Date "2014.04.19"]
[Round "?"]
[White "Lombart, Philippe"]
[Black "Luers, Charles J"]
[Result "0-1"]
[WhiteElo "1639"]
[BlackElo "1879"]
[PlyCount "132"]
[EventDate "2014.04.25"]
[EventType "tourn (corr)"]
[EventRounds "10"]
[EventCountry "GER"]
[SourceTitle "Corr 2015"]
[Source "ChessBase"]
[SourceDate "2015.07.17"]
[SourceVersion "1"]
[SourceVersionDate "2015.07.17"]
[SourceQuality "1"]

1. d4 Nf6 2. c4 e6 3. Nc3 Bb4 4. e3 b6 5. Bd3 Bb7 6. Nf3 Ne4 7. Bxe4 Bxe4 8. 0-0 Bxc3 9. bxc3 0-0 10. Nd2 Bb7 11. e4 d6 12. Rb1 Nc6 13. Re1 Na5 14. d5 Qd7 15. h4 Rae8 16. h5 f5 17. h6 fxe4 18. hxg7 Rf5 19. Nxe4 Nxc4 20. Qd4 Ne5 21. Ng3 Rf6 22. Bg5 Rg6 23. f4 Bxd5 24. Nh5 c5 25. Qd1 Qf7 26. fxe5 Rxg5 27. Nf6+ Kxg7 28. Nxe8+ Qxe8 29. Rb2 dxe5 30. c4 Bxc4 31. Qc1 Rg4 32. Rxe5 Qg6 33. Qc3 Rd4 34. Rd2 Qg4 35. Re3 Kf6 36. Rh3 h5 37. Rg3 Qh4 38. Rf2+ Ke5 39. Rg7 Bb5 40. Rxa7 Bc6 41. Rg7 Kd6 42. Qb3 Rb4 43. Qd3+ Bd5 44. a3 Rc4 45. Qe3 Re4 46. Qc1 Rc4 47. Qe3 Re4 48. Qc1 Kc6 49. Rg8 Rd4 50. Qf1 Qe4 51. Rc8+ Kb7 52. Rxc5 Bc4 53. Rf7+ Ka6 54. Rxc4 Rxc4 55. Rf3 b5 56. Qd1 Qe5 57. Qd2 Rd4 58. Qe3 Re4 59. Qd2 h4 60. Rf1 h3 61. a4 Rxa4 62. Re1 Qd5 63. Qxd5 exd5 64. gxh3 b4 65. h4 Kb5 66. Kf2 b3 0-1

[Event "SB-2014-0-00360"]
[Site "LSS email"]
[Date "2014.03.31"]
[Round "?"]
[White "Hoehne, Volkmar"]
[Black "Luers, Charles J"]
[Result "1-0"]
[WhiteElo "1832"]
[BlackElo "1879"]
[PlyCount "53"]
[EventDate "2014.03.15"]
[EventType "tourn (corr)"]
[EventRounds "6"]
[EventCountry "GER"]
[SourceTitle "Corr 2015"]
[Source "ChessBase"]
[SourceDate "2015.07.17"]
[SourceVersion "1"]
[SourceVersionDate "2015.07.17"]
[SourceQuality "1"]

1. e4 e5 2. Nf3 Nc6 3. Bb5 a6 4. Ba4 Nf6 5. 0-0 Be7 6. Re1 b5 7. Bb3 0-0 8. c3 d5 9. exd5 Nxd5 10. Nxe5 Nxe5 11. Rxe5 c6 12. d4 Bd6 13. Re1 Qh4 14. g3 Qh3 15. Be3 Bg4 16. Qd3 Rae8 17. Nd2 Re6 18. a4 Qh5 19. axb5 axb5 20. Nf1 Bf5 21. Qd2 Rfe8 22. Ra6 Bf8 23. Qd1 Bg4 24. Qa1 Bh3 25. Nd2 Rf6 26. Ra8 Qf5 27. Rxe8 1-0

[Event "SB-2014-0-00360"]
[Site "LSS email"]
[Date "2014.03.31"]
[Round "?"]
[White "Luers, Charles J"]
[Black "Ederer, Karel"]
[Result "1/2-1/2"]
[WhiteElo "1879"]
[BlackElo "1886"]
[PlyCount "46"]
[EventDate "2014.03.15"]
[EventType "tourn (corr)"]
[EventRounds "6"]
[EventCountry "GER"]
[SourceTitle "Corr 2015"]
[Source "ChessBase"]
[SourceDate "2015.07.17"]
[SourceVersion "1"]
[SourceVersionDate "2015.07.17"]
[SourceQuality "1"]

1. Nf3 Nf6 2. c4 g6 3. Nc3 d5 4. cxd5 Nxd5 5. Qa4+ Bd7 6. Qh4 Bc6 7. Qd4 f6 8. e4 Nxc3 9. bxc3 Bh6 10. Qxd8+ Kxd8 11. Bd3 e5 12. 0-0 Re8 13. Bc2 Nd7 14. Re1 Bb5 15. a4 Ba6 16. d4 Bxc1 17. Raxc1 c6 18. g3 Kc7 19. Bb3 Re7 20. a5 Rae8 21. Bc2 g5 22. h3 h5 23. Kg2 Rh8 1/2-1/2

[Event "BI-2013-F-0007"]
[Site "LSS email"]
[Date "2014.02.21"]
[Round "?"]
[White "Khan, Valery"]
[Black "Luers, Charles J"]
[Result "1/2-1/2"]
[WhiteElo "2137"]
[BlackElo "1879"]
[PlyCount "118"]
[EventDate "2014.02.27"]
[EventType "tourn (corr)"]
[EventRounds "10"]
[EventCountry "GER"]
[SourceTitle "Corr 2015"]
[Source "ChessBase"]
[SourceDate "2015.07.17"]
[SourceVersion "1"]
[SourceVersionDate "2015.07.17"]
[SourceQuality "1"]

1. d4 Nf6 2. c4 e6 3. Nc3 Bb4 4. Qc2 0-0 5. a3 Bxc3+ 6. Qxc3 b6 7. Bg5 Bb7 8. f3 h6 9. Bh4 d5 10. e3 Nbd7 11. cxd5 Nxd5 12. Bxd8 Nxc3 13. Bh4 Nd5 14. Bf2 c5 15. Ne2 f5 16. dxc5 Nxc5 17. Nd4 e5 18. Nxf5 Rxf5 19. e4 Rf7 20. exd5 Bxd5 21. b4 Na4 22. Ba6 Nb2 23. 0-0 Bc4 24. Bxc4 Nxc4 25. Rfd1 Rc8 26. a4 Rfc7 27. Ra2 Kf7 28. Re2 Kf6 29. g4 g5 30. Bg3 Re7 31. Re4 a6 32. Kg2 Ke6 33. Rde1 Kd5 34. b5 axb5 35. axb5 Rc5 36. h4 Rc8 37. h5 Ree8 38. Rd1+ Kc5 39. Rde1 Kxb5 40. Bxe5 Nxe5 41. Rxe5+ Rxe5 42. Rxe5+ Kc4 43. Re6 b5 44. Rxh6 b4 45. f4 Kb5 46. Rh7 Kb6 47. Rd7 Rc4 48. Kg3 Rc3+ 49. Kf2 gxf4 50. h6 b3 51. Rd1 Rh3 52. g5 Kc5 53. Rg1 b2 54. Rb1 Rh5 55. Rxb2 Rxg5 56. Rb8 Rh5 57. Rh8 Kc6 58. h7 Kb7 59. Kf3 Rh4 1/2-1/2

[Event "BI-2013-F-0007"]
[Site "LSS email"]
[Date "2014.02.21"]
[Round "?"]
[White "Luers, Charles J"]
[Black "Aberbach Peltzman, Angel Sergio"]
[Result "0-1"]
[WhiteElo "1879"]
[BlackElo "2089"]
[PlyCount "116"]
[EventDate "2014.02.27"]
[EventType "tourn (corr)"]
[EventRounds "10"]
[EventCountry "GER"]
[SourceTitle "Corr 2015"]
[Source "ChessBase"]
[SourceDate "2015.07.17"]
[SourceVersion "1"]
[SourceVersionDate "2015.07.17"]
[SourceQuality "1"]

1. Nf3 d5 2. d4 Nf6 3. c4 c6 4. Qc2 dxc4 5. Qxc4 Bf5 6. g3 e6 7. Bg2 Nbd7 8. 0-0 Be7 9. Nc3 0-0 10. Re1 Ne4 11. Qb3 Qb6 12. Nh4 Bxh4 13. gxh4 Ndf6 14. f3 Nxc3 15. bxc3 Qc7 16. e4 Bg6 17. Qb4 Nh5 18. Bf1 Nf4 19. Rb1 b6 20. a4 f5 21. e5 Nd5 22. Qd6 Qf7 23. c4 Rfd8 24. Qa3 f4 25. cxd5 Bxb1 26. d6 Rf8 27. Kh1 Rab8 28. Qb3 Bf5 29. Bxf4 b5 30. axb5 cxb5 31. Bd2 b4 32. Bc4 a5 33. d5 Rfe8 34. h5 a4 35. dxe6 Bxe6 36. Bxe6 Qxe6 37. Qxa4 Qd5 38. Qd1 Rxe5 39. Rxe5 Qxe5 40. Bxb4 h6 41. Ba3 Kh8 42. Kg2 Qg5+ 43. Kh1 Rb5 44. d7 Rd5 45. Qe2 Qf5 46. Qe8+ Kh7 47. Qg6+ Qxg6 48. hxg6+ Kxg6 49. Kg2 Rxd7 50. Kg3 Kf5 51. h4 Rb7 52. Bc5 Ke5 53. Bf2 Kd5 54. Kg4 Rb1 55. Bg3 Kd4 56. Kf4 Rb5 57. Bf2+ Kd3 58. Kg3 h5 0-1

[Event "BI-2013-F-0007"]
[Site "LSS email"]
[Date "2014.02.21"]
[Round "?"]
[White "Luers, Charles J"]
[Black "Bellanger, Michel"]
[Result "1/2-1/2"]
[WhiteElo "1879"]
[BlackElo "1863"]
[PlyCount "107"]
[EventDate "2014.02.27"]
[EventType "tourn (corr)"]
[EventRounds "10"]
[EventCountry "GER"]
[SourceTitle "Corr 2015"]
[Source "ChessBase"]
[SourceDate "2015.07.17"]
[SourceVersion "1"]
[SourceVersionDate "2015.07.17"]
[SourceQuality "1"]

1. Nf3 d5 2. d4 Nf6 3. c4 e6 4. Nc3 h6 5. Bf4 Bb4 6. e3 0-0 7. Bd3 dxc4 8. Bxc4 Nd5 9. 0-0 Nxf4 10. exf4 Qd6 11. Nb5 Qb6 12. a3 Be7 13. Nc3 Bf6 14. Ne4 Be7 15. Qe2 Bd6 16. g3 Nc6 17. Rfd1 Bd7 18. b4 Ne7 19. Nc5 Bc6 20. Ne5 Bxe5 21. fxe5 Rad8 22. b5 Bd5 23. a4 c6 24. a5 Qc7 25. b6 axb6 26. axb6 Qxb6 27. Rab1 Qa5 28. Nxb7 Bxc4 29. Qxc4 Qd5 30. Rbc1 Qxc4 31. Rxc4 Rd5 32. Kg2 Ra8 33. Nd6 f6 34. exf6 gxf6 35. Ne4 Kf7 36. Nc3 Rd7 37. Ne2 Ra2 38. Re1 Rd2 39. Nf4 Ra7 40. Nxe6 Raa2 41. Nd8+ Ke8 42. Nxc6 Rxf2+ 43. Kh3 Rxh2+ 44. Kg4 h5+ 45. Kf4 Rhf2+ 46. Ke4 Nf5 47. Kd5+ Kf7 48. Rc3 Rfb2 49. Re4 Rb5+ 50. Rc5 Rxc5+ 51. dxc5 Nxg3 52. Rh4 Re2 53. Rh3 Re3 54. Nd4 1/2-1/2

[Event "BI-2013-F-0007"]
[Site "LSS email"]
[Date "2014.02.21"]
[Round "?"]
[White "Razumichin, Andrey Mikhailovich"]
[Black "Luers, Charles J"]
[Result "1-0"]
[WhiteElo "2211"]
[BlackElo "1879"]
[PlyCount "95"]
[EventDate "2014.02.27"]
[EventType "tourn (corr)"]
[EventRounds "10"]
[EventCountry "GER"]
[SourceTitle "Corr 2015"]
[Source "ChessBase"]
[SourceDate "2015.07.17"]
[SourceVersion "1"]
[SourceVersionDate "2015.07.17"]
[SourceQuality "1"]

1. e4 c5 2. Nf3 d6 3. d4 cxd4 4. Nxd4 Nf6 5. Nc3 a6 6. Bg5 e6 7. Qf3 Nbd7 8. 0-0-0 Qc7 9. Qg3 Be7 10. f4 h6 11. Bh4 g5 12. fxg5 Rg8 13. Be2 hxg5 14. Bxg5 b5 15. a3 Bb7 16. h4 Nxe4 17. Nxe4 Bxe4 18. Bf3 Bxf3 19. Qxf3 Bxg5+ 20. hxg5 Rc8 21. Kb1 Ne5 22. Qf4 Qe7 23. Qe4 Qxg5 24. Qb7 Rd8 25. Rhg1 Kf8 26. Qxa6 Kg7 27. Qxb5 Rb8 28. Qe2 Rgc8 29. Rh1 Nc4 30. Ka1 Ne5 31. Nb5 Nc4 32. Rh5 Qf6 33. c3 d5 34. Rf1 Qg6 35. Rh4 Kf8 36. Rg4 Qh6 37. Qf2 Rb7 38. g3 Rc6 39. Rh4 Qg7 40. Qh2 Rxb5 41. Rh8+ Ke7 42. Qh4+ f6 43. Rxf6 Kd6 44. Qf4+ Ne5 45. Rh5 Qxf6 46. Qxf6 Nd7 47. Qf7 Rcb6 48. Rh7 1-0

[Event "SB-2013-0-00345"]
[Site "LSS email"]
[Date "2013.12.25"]
[Round "?"]
[White "Luers, Charles J"]
[Black "Sikorski, Roman"]
[Result "1-0"]
[WhiteElo "1879"]
[BlackElo "1776"]
[PlyCount "61"]
[EventDate "2013.12.02"]
[EventType "tourn (corr)"]
[EventRounds "6"]
[EventCountry "GER"]
[SourceTitle "Corr 2015"]
[Source "ChessBase"]
[SourceDate "2015.07.17"]
[SourceVersion "1"]
[SourceVersionDate "2015.07.17"]
[SourceQuality "1"]

1. Nf3 Nf6 2. c4 g6 3. Nc3 Bg7 4. d4 d5 5. cxd5 Nxd5 6. e4 Nxc3 7. bxc3 c5 8. Rb1 0-0 9. Be2 Nc6 10. d5 Bxc3+ 11. Bd2 Bxd2+ 12. Qxd2 Na5 13. h4 f6 14. h5 g5 15. Nxg5 fxg5 16. Qxg5+ Kh8 17. h6 Rf7 18. Bh5 Qg8 19. Qxg8+ Kxg8 20. Bxf7+ Kxf7 21. Rh5 Bd7 22. Rg5 Rg8 23. Rxg8 Kxg8 24. Rc1 b6 25. Rc3 Be8 26. Rg3+ Kf8 27. f4 Bf7 28. Rg7 Bg8 29. d6 exd6 30. Rxa7 Bf7 31. g4 1-0

[Event "RB-2013-0-00232"]
[Site "LSS email"]
[Date "2013.12.13"]
[Round "?"]
[White "Luers, Charles J"]
[Black "Boda, Attila"]
[Result "0-1"]
[WhiteElo "1859"]
[BlackElo "1991"]
[PlyCount "122"]
[EventDate "2013.11.20"]
[EventType "tourn (corr)"]
[EventRounds "6"]
[EventCountry "GER"]
[SourceTitle "Telechess CBM 167"]
[Source "ChessBase"]
[SourceDate "2015.07.13"]
[SourceVersion "1"]
[SourceVersionDate "2015.07.13"]
[SourceQuality "1"]

1. e4 e5 2. Nf3 Nc6 3. Bc4 Bc5 4. c3 Nf6 5. d4 exd4 6. e5 d5 7. Bb5 Ne4 8. cxd4 Bb6 9. Nc3 0-0 10. Be3 Bg4 11. 0-0 f6 12. exf6 Nxf6 13. Be2 Qd6 14. Rc1 Rae8 15. h3 Bh5 16. Nb5 Qd8 17. Nc3 Ne7 18. g4 Bf7 19. Bd3 c6 20. Qc2 Ng6 21. Ng5 Re7 22. Rce1 Rfe8 23. Re2 Qd6 24. Qd2 Ne4 25. Nxf7 Rxf7 26. Nxe4 dxe4 27. Bc4 Nh4 28. Bxf7+ Kxf7 29. Bf4 Nf3+ 30. Kg2 Qd5 31. Qd1 Nxd4 32. Re3 Ne6 33. Qxd5 cxd5 34. Bd6 Rd8 35. Bb4 Rc8 36. Rc3 Nf4+ 37. Kh2 Rc6 38. Rxc6 bxc6 39. Bd2 Nd3 40. b3 Ke6 41. Kg3 Bd4 42. b4 Bb6 43. h4 d4 44. Rd1 Ne5 45. h5 Kd5 46. a4 Nc4 47. Bf4 d3 48. b5 c5 49. f3 Ba5 50. Kf2 Kd4 51. fxe4 Kxe4 52. Bc1 Ne5 53. g5 c4 54. Rh1 Bb6+ 55. Kf1 c3 56. Rh4+ Kd5 57. Rf4 c2 58. Rf8 Nc4 59. Rf3 Kd4 60. Rf4+ Kc3 61. Kg2 Be3 0-1

[Event "RB-2013-0-00226"]
[Site "LSS email"]
[Date "2013.11.06"]
[Round "?"]
[White "Luers, Charles J"]
[Black "Markoja, Johann"]
[Result "1/2-1/2"]
[WhiteElo "1849"]
[BlackElo "1919"]
[PlyCount "100"]
[EventDate "2013.10.05"]
[EventType "tourn (corr)"]
[EventRounds "6"]
[EventCountry "GER"]
[SourceTitle "Telechess CBM 163"]
[Source "ChessBase"]
[SourceDate "2014.11.11"]
[SourceVersion "2"]
[SourceVersionDate "2014.11.11"]
[SourceQuality "1"]

1. Nf3 d5 2. d4 Nf6 3. c4 e6 4. Nc3 c6 5. e3 Nbd7 6. Qc2 Bd6 7. Bd3 0-0 8. 0-0 dxc4 9. Bxc4 a6 10. Rd1 b5 11. Be2 Qc7 12. e4 e5 13. g3 Re8 14. a3 exd4 15. Nxd4 Bb7 16. Nf5 Be5 17. Bf3 g6 18. Nh6+ Kg7 19. Bg5 c5 20. Bg2 Bd4 21. Nxb5 axb5 22. Rxd4 Qe5 23. Rxd7 Nxd7 24. Bf4 Qe7 25. Rd1 Rad8 26. Ng4 h5 27. Qc3+ f6 28. Ne3 Ne5 29. Nd5 Bxd5 30. exd5 Qd6 31. Be3 Rc8 32. Bd2 Qd7 33. h3 Qf5 34. h4 Ng4 35. Qf3 Qc2 36. d6 Rcd8 37. Bf1 Ne5 38. Qd5 c4 39. Bc3 Qf5 40. Bg2 Re6 41. Bb4 Nd3 42. Qb7+ Kh8 43. Qc7 Ree8 44. Qb6 Qg4 45. Rd2 Nxb4 46. axb4 Qe6 47. Rd1 Rd7 48. Qxb5 Red8 49. Qc5 Rxd6 50. Rxd6 Qxd6 1/2-1/2